000 04480nam0a2200577 4500
001 RU\NLR\BIBL_A\011985412
005 20260407094426.0
020 _aRU
_9Ленинград в Великой Отечественной войне. Коллекция. Афиши
035 _a(NLR Aleph) 011985412
090 _a11330539
_c11330539
100 _a20190410d1944 u y0rusy50 ca
101 0 _arus
102 _aRU
105 _ay z 000zy
135 _acrcn 024anaba
200 1 _aКонцерты джаз-оркестра, 1, 2, 3 июля 1944 г. Режиссер - П. К. Вейсбрем. Руководитель - Николай Минх. Ведет программу М. А. Пярм. Солисты: Н. А. Бах, Е. В. Каретникова, Е. К. Блажевич [и др.]. Художественный руководитель театра заслуженный артист РСФСР А. В. Пергамент
_e[афиша]
_fУправление по делам искусств Исполкома Ленгорсовета, Сад отдыха, Театр Краснознаменного Балтфлота
210 _a[Ленинград]
_cЛТ УН-1
_d1944
215 _a1 л.
_d54х72
300 _aКасса открыта с 12 до 20 часов. Начало концертов в 19 часов 30 минут. Ежедневно работает библиотека. В саду ежедневно с 18 часов концерты духового оркестра под управлением дирижера Н. И. Маслова. В саду работает ресторан. Вход в сад 2 руб. Купившие билеты в театр за вход в сад не платят
300 _aЗаказ 3032
325 _aКопия доступна в Электрон. б-ке РНБ
606 1 _aТеатральная жизнь
_jАфиши
_yЛенинград, город
_z1941 - 1944
_92398624
_3RU\NLR\AUTH\6601649837
686 _aЩ333(2Р=Рус)7- 692Ленинград
702 1 _4300
_8rus
_7ca
_aВейсбрем
_bП. К.
_cрежиссёр
_f1899-1963
_gПавел Карлович
_3RU\NLR\AUTH\7770857
_953785
702 1 _4570
_8rus
_7ca
_aМинх
_bН. Г.
_cкомпозитор
_f1912-1982
_gНиколай Григорьевич
_3RU\NLR\AUTH\77126984
_9109908
702 1 _4005
_aПярн
_bМ. А.
_cрежиссер
_f1904-1991
_gМихаил Александрович
_9202263
_3RU\NLR\AUTH\770202314
702 1 _4005
_aБах
_bН. А.
_cартист
_9203669
_3RU\NLR\AUTH\770203720
702 1 _4005
_7ca
_8rus
_aКаретникова
_bЕ. В.
_cактриса, либреттист
_f1915-2002
_gЕвгения Васильевна
_9204773
_3RU\NLR\AUTH\770204825
702 1 _4005
_7ca
_8rus
_aБлажевич
_bЕ. К.
_cактриса
_gЕвгения Кастаевна
_9204778
_3RU\NLR\AUTH\770204830
702 1 _4570
_aПергамент
_bА. В.
_cтеатр. режиссер
_f1906-1969
_gАлександр Викторович
_9202271
_3RU\NLR\AUTH\770202322
702 1 _4250
_aМаслов
_bН. И.
_cдирижер
_gНиколай Иванович
_9201956
_3RU\NLR\AUTH\770202007
710 0 2 _aТеатр Краснознаменного Балтийского флота
_bДжаз-оркестр
_9652524
_3RU\NLR\AUTH\880496283
711 0 2 _aТеатр Краснознаменного Балтийского флота
_3RU\NLR\AUTH\889919681
_9335604
712 0 2 _4570
_aСад отдыха
_cЛенинград
_9653104
_3RU\NLR\AUTH\880496595
852 _aNLR
_jЛ3-330а/10/3/1944-июль а(1)
856 0 _uhttp://vivaldi.nlr.ru/la700000336/view
856 1 _uhttp://vivaldi.nlr.ru/la700000336/cover
856 2 _uhttp://vivaldi.nlr.ru/la700000336/text
942 _cVISUAL
945 _aРоссийская национальная библиотека
980 _aNB
980 _aBV
980 3 _akplen
980 3 _akp
981 3 7 _a(37) Ленинград в Великой Отечественной войне
_b(37) Афиши блокадного Ленинграда